000 00416cam a2200145Ia 4500
020 _a0393320243 (pbk.) :
040 _cOCO
082 _a973 NOR 2000 A101 A045 Or.
100 1 _aDe Kay, James T
245 1 0 _aChronicles of the frigate Macedonian, 1809-1922 /
260 _aNew York :
_bNorton,
_c2000
300 _a336 p. :
_bill. ;
_c22 cm
500 _aOriginally published: New York : Norton, c1995
942 _cEK
999 _c13340
_d13340